► Video Games Missing 'D' Words Quiz Stats

 Plays Quiz not verified by Sporcle

Score 0/18 Timer 03:00
0 Plays Today
Hint Answer % Correct
Duty
97.3%
Donkey
96.3%
Duck
94.4%
Die
92.6%
Dead
91.6%
Drive
90.3%
Duke
90.1%
Dark
86.1%
Devil
83.2%
Hint Answer % Correct
Dragon
80.2%
Desert
76.6%
Dino
71.2%
Diablo
70.7%
Deus
66.7%
Dug
64.5%
Derby
61.5%
Delta
45.6%
Discworld
16.8%

You're not logged in!

Compare scores with friends on all Sporcle quizzes.
OR
Log In

You Might Also Like...

Show Comments

Extras

Top Quizzes Today


Score Distribution

Your Account Isn't Verified!

In order to create a playlist on Sporcle, you need to verify the email address you used during registration. Go to your Sporcle Settings to finish the process.

Report this User

Report this user for behavior that violates our Community Guidelines.

Details: